000 00730nam a2200181Ia 4500
005 20260429112041.0
008 260429s9999||||xx |||||||||||||| ||und||
020 _a9789383931453
041 _aHindi
082 _a305.4
_bCHA
100 _aचतुवेर्दी, जगदीश्वर ,सिंह, सुधा
245 0 _aलिंगभेद पितृसत्ता और र्स्त्रीवाद् /
_cसुधा सिंह जगदीश्वर चतुवेर्दी
250 _a1st ed.
260 _aदिल्ली :
_bएकैडमिक पब्लिकेशन,
_c2021.
300 _a404 p.; Hb
650 _aहिंदी साहित्य
942 _cTB
999 _c52089
_d52089